[Event "4NCL/Div1/BET vs. 3CS1"]
[Site "Wokefield Park ENG"]
[Date "2007.03.03"]
[Round "7.5"]
[White "Duncan, Christopher R"]
[Black "Ashton, Adam G"]
[Result "1/2-1/2"]
[WhiteElo "2309"]
[BlackElo "2290"]
[PlyCount "95"]
[EventDate "2007.03.03"]
[EventType "team"]
[EventRounds "11"]
[EventCountry "ENG"]
[WhiteTeam "Betsson.com"]
[BlackTeam "3Cs Oldham"]

1. Nf3 d5 2. d4 Nf6 3. c4 e6 4. Nc3 c6 5. Bg5 Nbd7 6. e3 Qa5 7. Nd2 Bb4 8. Qc2
O-O 9. Be2 e5 10. O-O exd4 11. Nb3 Qc7 12. exd4 dxc4 13. Bxc4 Bd6 14. h3 h6 15.
Bh4 Nb6 16. Bxf6 Nxc4 17. Ne4 Bf5 18. Rae1 Rae8 19. f3 Nb6 20. Bh4 Bg6 21. Nbc5
Nd5 22. Qb3 Bf4 23. Bf2 b6 24. Nd3 Bh2+ 25. Kh1 f5 26. Nc3 Bf7 27. Nxd5 Bxd5
28. Qc3 Bd6 29. b3 a5 30. Kg1 Qd8 31. Rxe8 Rxe8 32. Re1 Rxe1+ 33. Qxe1 Qe7 34.
Qd2 g5 35. Ne5 Qe6 36. h4 gxh4 37. Bxh4 c5 38. Bf2 cxd4 39. f4 Bxe5 40. fxe5
Qxe5 41. Qxd4 Qxd4 42. Bxd4 b5 43. Bb6 a4 44. bxa4 bxa4 45. a3 Kf7 46. g3 Kg6
47. Kf2 Kg5 48. Bc7 1/2-1/2

[Event "4NCL/Div1/BET vs. 3CS1"]
[Site "Wokefield Park ENG"]
[Date "2007.03.03"]
[Round "7.6"]
[White "Bentley, John L"]
[Black "Ledger, David J"]
[Result "1/2-1/2"]
[WhiteElo "2241"]
[BlackElo "2291"]
[PlyCount "29"]
[EventDate "2007.03.03"]
[EventType "team"]
[EventRounds "11"]
[EventCountry "ENG"]
[WhiteTeam "3Cs Oldham"]
[BlackTeam "Betsson.com"]

1. e4 e5 2. Nf3 Nc6 3. Bb5 a6 4. Ba4 Nf6 5. d3 Bc5 6. O-O d6 7. h3 O-O 8. Re1
Ba7 9. c3 Ne7 10. Bb3 Ng6 11. d4 h6 12. Nbd2 Nh7 13. Nc4 Qf6 14. Ne3 Ng5 15.
Nxg5 1/2-1/2

[Event "4NCL/Div1/BET vs. 3CS1"]
[Site "Wokefield Park ENG"]
[Date "2007.03.03"]
[Round "7.7"]
[White "Ledger, Stephen C"]
[Black "James, Dale R"]
[Result "1/2-1/2"]
[WhiteElo "2170"]
[BlackElo "2160"]
[PlyCount "116"]
[EventDate "2007.03.03"]
[EventType "team"]
[EventRounds "11"]
[EventCountry "ENG"]
[WhiteTeam "Betsson.com"]
[BlackTeam "3Cs Oldham"]

1. d4 Nf6 2. Nf3 g6 3. Bf4 c5 4. c3 Qb6 5. Qb3 Bg7 6. e3 Nc6 7. Nbd2 d5 8. dxc5
Qxc5 9. h3 O-O 10. Be2 Re8 11. O-O e5 12. Bh2 a6 13. Rac1 h6 14. Ne1 Qa7 15.
Nd3 Bf5 16. Nb4 a5 17. Nxc6 bxc6 18. Qa4 c5 19. Rfd1 Rab8 20. b3 Bd7 21. Qa3
Bf8 22. c4 d4 23. e4 Bc6 24. Bd3 h5 25. Bg3 Bh6 26. f3 Nd7 27. Rc2 Nf8 28. Nf1
f6 29. Be1 Ra8 30. Bd2 Bxd2 31. Rdxd2 Ne6 32. Ng3 Reb8 33. Ne2 Qg7 34. Qc1 a4
35. Rb2 axb3 36. Rxb3 Rxb3 37. axb3 Qa7 38. Rb2 Qa3 39. Rb1 Qb4 40. Qe1 Ra3 41.
Qxb4 cxb4 42. Nc1 Nc5 43. Bc2 Kf7 44. g4 Ke6 45. Kf2 h4 46. Ke2 Bd7 47. Nd3
Nxd3 48. Kxd3 f5 49. Rg1 fxe4+ 50. fxe4 Ba4 51. Rb1 Kf6 52. Kd2 Bc6 53. Rf1+
Kg5 54. Rf7 Ra2 55. Kc1 Ra1+ 56. Kd2 Ra2 57. Kc1 Ra8 58. Kd2 Ra2 1/2-1/2

[Event "4NCL/Div1/NWE1 vs. GUI1"]
[Site "Wokefield Park ENG"]
[Date "2007.03.03"]
[Round "7.1"]
[White "Macak, Stefan"]
[Black "Rowson, Jonathan"]
[Result "0-1"]
[WhiteElo "2373"]
[BlackElo "2592"]
[PlyCount "64"]
[EventDate "2007.03.03"]
[EventType "team"]
[EventRounds "11"]
[EventCountry "ENG"]
[WhiteTeam "N W Eagles 1"]
[BlackTeam "Guildford-ADC 1"]

1. e4 c5 2. Nf3 Nc6 3. d4 cxd4 4. Nxd4 Nf6 5. Nc3 d6 6. Bg5 e6 7. Qd2 a6 8.
O-O-O h6 9. Nxc6 bxc6 10. Bf4 d5 11. Qe3 Be7 12. Be2 O-O 13. Qg3 Kh8 14. Bc7
Qd7 15. Be5 Re8 16. h4 Bf8 17. Rhe1 Qe7 18. exd5 cxd5 19. f4 Bb7 20. Bf3 Rac8
21. Qf2 Qc5 22. Qd2 Nd7 23. Bd4 Qc7 24. g4 Nb6 25. f5 Nc4 26. Qxh6+ Kg8 27. Qg5
e5 28. Bxd5 exd4 29. Ne4 Rxe4 30. Bxe4 Nxb2 31. Rd2 Ba3 32. f6 Na4+ 0-1

[Event "4NCL/Div1/NWE1 vs. GUI1"]
[Site "Wokefield Park ENG"]
[Date "2007.03.03"]
[Round "7.2"]
[White "Hebden, Mark L"]
[Black "Hennigan, Michael T"]
[Result "1-0"]
[WhiteElo "2540"]
[BlackElo "2390"]
[PlyCount "91"]
[EventDate "2007.03.03"]
[EventType "team"]
[EventRounds "11"]
[EventCountry "ENG"]
[WhiteTeam "Guildford-ADC 1"]
[BlackTeam "N W Eagles 1"]

1. d4 Nf6 2. Nf3 g6 3. Nc3 d5 4. Bf4 Bg7 5. Qd2 O-O 6. Bh6 c5 7. Bxg7 Kxg7 8.
dxc5 Na6 9. Rd1 Nxc5 10. Qd4 Qd6 11. Nxd5 Qxd5 12. Qxd5 Nxd5 13. Rxd5 Na4 14.
Rd4 b5 15. b3 Nc3 16. Kd2 Nxa2 17. e4 Rb8 18. Ne5 f6 19. Nc6 Rb7 20. Bd3 e5 21.
Rd6 Rb6 22. Ra1 Nb4 23. Rxa7+ Kh6 24. Rc7 Na6 25. Rxc8 Rxc8 26. Nxe5 Rcb8 27.
Ng4+ Kg5 28. Rxb6 Rxb6 29. Ne3 Nc7 30. g3 Kh6 31. Kc3 Kg7 32. Kb4 Rb8 33. Ka5
Kf7 34. Nd5 Nxd5 35. exd5 b4 36. Bb5 Ke7 37. Kxb4 Kd6 38. c4 Ra8 39. Bc6 Ra2
40. c5+ Kc7 41. Kb5 Rxf2 42. d6+ Kd8 43. Kb6 Rxh2 44. Bb5 Rd2 45. c6 Rxd6 46.
Kb7 1-0

[Event "4NCL/Div1/NWE1 vs. GUI1"]
[Site "Wokefield Park ENG"]
[Date "2007.03.03"]
[Round "7.3"]
[White "Morrison, Graham"]
[Black "Conquest, Stuart C"]
[Result "0-1"]
[WhiteElo "2335"]
[BlackElo "2536"]
[PlyCount "150"]
[EventDate "2007.03.03"]
[EventType "team"]
[EventRounds "11"]
[EventCountry "ENG"]
[WhiteTeam "N W Eagles 1"]
[BlackTeam "Guildford-ADC 1"]

1. e4 c5 2. Nf3 e6 3. d4 cxd4 4. Nxd4 a6 5. Bd3 g6 6. O-O Bg7 7. Nf3 d6 8. c4
Nf6 9. Nc3 O-O 10. Bf4 Nh5 11. Bg5 Qc7 12. Qd2 Nd7 13. Rfd1 Re8 14. Bf1 Bf8 15.
Rac1 b6 16. Nd4 Bb7 17. Kh1 Rac8 18. Be2 Nhf6 19. f3 Qb8 20. Na4 Be7 21. Be3 d5
22. cxd5 exd5 23. Rxc8 Rxc8 24. e5 Nxe5 25. Nxb6 Re8 26. b3 Bd6 27. Bg1 Qd8 28.
Qg5 h6 29. Qh4 Be7 30. Na4 Nh5 31. Qf2 Nf4 32. Bf1 Bd6 33. g3 Nh5 34. Qd2 Kh7
35. Be2 Qd7 36. Bf1 Qe7 37. Bg2 Bb4 38. Qc1 Qd6 39. Qc2 Rc8 40. Qe2 Nf6 41. Be3
Re8 42. Bf4 Re7 43. Qc2 Nfd7 44. Bf1 Ba5 45. Bd2 Bd8 46. Bc3 Nb6 47. Nxb6 Bxb6
48. Qd2 Nxf3 49. Nxf3 d4 50. Bg2 Bxf3 51. Bxf3 Qf6 52. Qf4 Qxf4 53. gxf4 dxc3
54. Rc1 Rc7 55. f5 gxf5 56. Be2 Be3 57. Rc2 a5 58. Kg2 Bd2 59. a3 Rb7 60. Bc4
Kg7 61. Kf3 Re7 62. Be2 Re4 63. Ra2 Rf4+ 64. Kg2 Rd4 65. Rc2 Kf6 66. Kf3 Ke5
67. Bf1 Re4 68. Be2 Kd4 69. Bb5 Rf4+ 70. Kg2 Ke3 71. Ba6 Rg4+ 72. Kh3 h5 73.
Bb5 f4 74. Bc4 f3 75. Ba6 Be1 0-1

[Event "4NCL/Div1/NWE1 vs. GUI1"]
[Site "Wokefield Park ENG"]
[Date "2007.03.03"]
[Round "7.4"]
[White "Kosten, Anthony C"]
[Black "Hague, Ben"]
[Result "1-0"]
[WhiteElo "2534"]
[BlackElo "2298"]
[PlyCount "33"]
[EventDate "2007.03.03"]
[EventType "team"]
[EventRounds "11"]
[EventCountry "ENG"]
[WhiteTeam "Guildford-ADC 1"]
[BlackTeam "N W Eagles 1"]

1. e4 g6 2. d4 Bg7 3. Nc3 d6 4. f4 a6 5. Nf3 b5 6. Bd3 Nd7 7. Be3 c5 8. dxc5
Nxc5 9. Bxc5 dxc5 10. e5 Bb7 11. Be4 Bxe4 12. Nxe4 Qc7 13. Qd5 Rc8 14. O-O-O
Nh6 15. Nd6+ exd6 16. exd6 Qd7 17. Ne5 1-0

[Event "4NCL/Div1/NWE1 vs. GUI1"]
[Site "Wokefield Park ENG"]
[Date "2007.03.03"]
[Round "7.5"]
[White "Kennaugh, Charles W"]
[Black "King, Daniel J"]
[Result "1/2-1/2"]
[WhiteElo "2287"]
[BlackElo "2528"]
[PlyCount "105"]
[EventDate "2007.03.03"]
[EventType "team"]
[EventRounds "11"]
[EventCountry "ENG"]
[WhiteTeam "N W Eagles 1"]
[BlackTeam "Guildford-ADC 1"]

1. e4 c5 2. Nf3 d6 3. d4 cxd4 4. Nxd4 Nf6 5. Nc3 a6 6. Bc4 e6 7. Bb3 Nbd7 8.
Bg5 Nc5 9. Qf3 Be7 10. O-O-O Qa5 11. h4 Bd7 12. Kb1 O-O 13. Bd2 Qb6 14. Be3 Bc6
15. Nxc6 Qxc6 16. Bxc5 Qxc5 17. e5 dxe5 18. Qxb7 a5 19. Na4 Qb4 20. Qxb4 axb4
21. Rhe1 Rfd8 22. c3 Ng4 23. Rxd8+ Rxd8 24. f3 Nf2 25. Re2 Nd3 26. g3 bxc3 27.
Nxc3 Rb8 28. Bc4 Nb4 29. Rxe5 Bd6 30. Rb5 Bxg3 31. Rxb8+ Bxb8 32. Bb5 h5 33. a3
Nd5 34. Nxd5 exd5 35. Bc6 g5 36. hxg5 h4 37. f4 Bxf4 38. Bxd5 Bxg5 39. Kc2 Kf8
40. b4 Ke7 41. Kd3 Kd6 42. Bxf7 Kc7 43. Be6 Kb6 44. a4 Be7 45. Kc4 Ka7 46. a5
Bd6 47. Bh3 Be7 48. Kb5 Bd6 49. Bg2 Be7 50. Ka4 Bd6 51. b5 Bc7 52. Kb4 Bd8 53.
b6+ 1/2-1/2

[Event "4NCL/Div1/NWE1 vs. GUI1"]
[Site "Wokefield Park ENG"]
[Date "2007.03.03"]
[Round "7.7"]
[White "Mulligan, Stephen"]
[Black "Gallagher, Joseph G"]
[Result "0-1"]
[WhiteElo "2178"]
[BlackElo "2509"]
[PlyCount "62"]
[EventDate "2007.03.03"]
[EventType "team"]
[EventRounds "11"]
[EventCountry "ENG"]
[WhiteTeam "N W Eagles 1"]
[BlackTeam "Guildford-ADC 1"]

1. d4 Nf6 2. Nf3 g6 3. g3 Bg7 4. Bg2 O-O 5. O-O d6 6. c4 Nbd7 7. Nc3 e5 8. e4
exd4 9. Nxd4 a6 10. Nc2 Re8 11. Re1 Rb8 12. Rb1 Ne5 13. Ne3 b5 14. cxb5 axb5
15. b4 c6 16. h3 Be6 17. Bf1 d5 18. exd5 cxd5 19. Nc2 d4 20. Rxe5 dxc3 21. Bf4
Bxa2 22. Rxe8+ Qxe8 23. Ra1 Rd8 24. Qe2 Qxe2 25. Bxe2 Bb3 26. Ne3 c2 27. Rc1
Nd5 28. Nxc2 Nxf4 29. gxf4 Rd2 30. Na1 Bxa1 31. Rxa1 Rxe2 0-1

[Event "4NCL/Div1/NWE1 vs. GUI1"]
[Site "Wokefield Park ENG"]
[Date "2007.03.03"]
[Round "7.8"]
[White "Collas, Silvia"]
[Black "Lyell, Meri"]
[Result "1-0"]
[WhiteElo "2389"]
[BlackElo "2061"]
[PlyCount "64"]
[EventDate "2007.03.03"]
[EventType "team"]
[EventRounds "11"]
[EventCountry "ENG"]
[WhiteTeam "Guildford-ADC 1"]
[BlackTeam "N W Eagles 1"]

1. Nf3 d5 2. d4 Nc6 3. g3 Bg4 4. Bg2 Nf6 5. Ne5 Bh5 6. c4 Nxe5 7. dxe5 Ng4 8.
f4 e6 9. h3 Nh6 10. cxd5 exd5 11. Qxd5 Qxd5 12. Bxd5 O-O-O 13. Nc3 Bb4 14. Bb3
Bg6 15. g4 Be4 16. O-O Bc5+ 17. Kh2 Bc6 18. g5 Ng4+ 19. hxg4 h5 20. Bxf7 hxg4+
21. Kg3 Rh3+ 22. Kxg4 Rdh8 23. Kf5 Bg2 24. Rd1 R3h4 25. Be6+ Kb8 26. Kg6 a6 27.
a3 Bc6 28. Bf7 Be7 29. Be3 Kc8 30. Rd2 Rf8 31. Nd5 Bd8 32. e6 Kb8 1-0

[Event "4NCL/Div1/SWD1 vs. WGR"]
[Site "Wokefield Park ENG"]
[Date "2007.03.03"]
[Round "7.2"]
[White "Martin, Andrew D"]
[Black "Trevelyan, John"]
[Result "1-0"]
[WhiteElo "2427"]
[BlackElo "2210"]
[PlyCount "83"]
[EventDate "2007.03.03"]
[EventType "team"]
[EventRounds "11"]
[EventCountry "ENG"]
[WhiteTeam "Wood Green"]
[BlackTeam "S W Dragons 1"]

1. d4 d6 2. c4 e5 3. Nc3 exd4 4. Qxd4 Nc6 5. Qd2 g6 6. b3 Bg7 7. Bb2 Nf6 8. g3
O-O 9. Nh3 Bf5 10. Bg2 Re8 11. Nf4 Ne4 12. Nxe4 Bxb2 13. Qxb2 Bxe4 14. f3 Bf5
15. e4 Be6 16. O-O Ne5 17. Rad1 Nd7 18. Rfe1 Qf6 19. Qf2 a5 20. Nxe6 Qxe6 21.
f4 Rab8 22. Qd2 b6 23. e5 Nc5 24. exd6 Qxd6 25. Rxe8+ Rxe8 26. Qxd6 cxd6 27.
Rxd6 Re2 28. Rxb6 Rxa2 29. Bd5 Rb2 30. Rb5 Nxb3 31. c5 a4 32. c6 Rc2 33. Rb7
Kg7 34. Rxf7+ Kh6 35. Ra7 Nd4 36. Be4 Rc1+ 37. Kf2 Nxc6 38. Rc7 a3 39. g4 a2
40. g5+ Kh5 41. Bf3+ Kh4 42. Rxh7# 1-0

[Event "4NCL/Div1/SWD1 vs. WGR"]
[Site "Wokefield Park ENG"]
[Date "2007.03.03"]
[Round "7.3"]
[White "Blackburn, Jonathan L B"]
[Black "Rechel, Bernd"]
[Result "0-1"]
[WhiteElo "2206"]
[BlackElo "2408"]
[PlyCount "60"]
[EventDate "2007.03.03"]
[EventType "team"]
[EventRounds "11"]
[EventCountry "ENG"]
[WhiteTeam "S W Dragons 1"]
[BlackTeam "Wood Green"]

1. d4 f5 2. g3 Nf6 3. Bg2 g6 4. Nf3 Bg7 5. O-O O-O 6. Nbd2 d6 7. a4 Nc6 8. Nc4
h6 9. c3 e6 10. b4 Ne4 11. Qb3 a6 12. Ra3 Ne7 13. Nfd2 Kh7 14. Nxe4 fxe4 15.
Ne3 d5 16. f3 e5 17. dxe5 exf3 18. exf3 Bxe5 19. f4 Bg7 20. Bxd5 Nxd5 21. Qxd5
Bh3 22. Rd1 Qe7 23. Qxb7 Rad8 24. Rxd8 Rxd8 25. Qf3 Rd3 26. c4 Rxa3 27. Bxa3
Bd4 28. Kf2 Bg4 29. Qxg4 Qxe3+ 30. Kg2 Qf2+ 0-1

[Event "4NCL/Div1/SWD1 vs. WGR"]
[Site "Wokefield Park ENG"]
[Date "2007.03.03"]
[Round "7.4"]
[White "Sowray, Peter J"]
[Black "James, David J"]
[Result "1-0"]
[WhiteElo "2325"]
[BlackElo "2224"]
[PlyCount "81"]
[EventDate "2007.03.03"]
[EventType "team"]
[EventRounds "11"]
[EventCountry "ENG"]
[WhiteTeam "Wood Green"]
[BlackTeam "S W Dragons 1"]

1. e4 c5 2. c3 d5 3. exd5 Nf6 4. Bb5+ Bd7 5. Bxd7+ Qxd7 6. c4 e6 7. Qe2 Bd6 8.
Nf3 O-O 9. dxe6 fxe6 10. Nc3 Nc6 11. d3 Nd4 12. Nxd4 cxd4 13. Ne4 Nxe4 14. Qxe4
Bb4+ 15. Ke2 Rf5 16. Bf4 Raf8 17. Bg3 Be7 18. h4 b5 19. Rac1 Kh8 20. f3 h6 21.
Rc2 b4 22. Kd1 Ra5 23. b3 Bd6 24. Qxd4 e5 25. Qe4 Qc7 26. Re1 Rd8 27. Kc1 Qb8
28. Kb1 Bc7 29. Bf2 Rd7 30. d4 exd4 31. Bxd4 Qd8 32. Bb2 Bg3 33. Rh1 Re7 34.
Qg6 Be5 35. Rhc1 Bxb2 36. Rxb2 Rae5 37. Rbc2 R7e6 38. Qg4 Qd3 39. c5 Re2 40.
Qc4 Qxc4 41. Rxc4 1-0

[Event "4NCL/Div1/SWD1 vs. WGR"]
[Site "Wokefield Park ENG"]
[Date "2007.03.03"]
[Round "7.5"]
[White "Zeidler, Sven P"]
[Black "Pein, Malcolm"]
[Result "0-1"]
[WhiteElo "2211"]
[BlackElo "2401"]
[PlyCount "76"]
[EventDate "2007.03.03"]
[EventType "team"]
[EventRounds "11"]
[EventCountry "ENG"]
[WhiteTeam "S W Dragons 1"]
[BlackTeam "Wood Green"]

1. e4 e6 2. d4 c5 3. d5 exd5 4. exd5 d6 5. Nc3 Nf6 6. Nf3 Be7 7. Nd2 O-O 8. Nc4
Na6 9. Be2 Nc7 10. a4 b6 11. Bf4 Bb7 12. Bf3 Ba6 13. b3 Nfe8 14. Qd2 f5 15. g3
Bf6 16. O-O-O Bxc4 17. bxc4 a6 18. h4 b5 19. Bg5 bxc4 20. Be2 Rb8 21. Bxc4 Rb4
22. Bxf6 Nxf6 23. Bd3 Ne4 24. Nxe4 fxe4 25. c3 Rxa4 26. Bc2 Ra2 27. Qe3 Qb8 28.
Kd2 Nxd5 29. Qxe4 Rxf2+ 30. Ke1 Rfxc2 31. Qxd5+ Kh8 32. Qe6 d5 33. Qe3 d4 34.
cxd4 cxd4 35. Qf3 h6 36. Rxd4 Ra1+ 37. Rd1 Rxd1+ 38. Qxd1 Qxg3+ 0-1

[Event "4NCL/Div1/SWD1 vs. WGR"]
[Site "Wokefield Park ENG"]
[Date "2007.03.03"]
[Round "7.6"]
[White "Tan, Desmond"]
[Black "Saunders, John C"]
[Result "1-0"]
[WhiteElo "2329"]
[BlackElo "2180"]
[PlyCount "75"]
[EventDate "2007.03.03"]
[EventType "team"]
[EventRounds "11"]
[EventCountry "ENG"]
[WhiteTeam "Wood Green"]
[BlackTeam "S W Dragons 1"]

1. e4 c6 2. d4 d5 3. Nd2 dxe4 4. Nxe4 Nd7 5. Bc4 Ngf6 6. Ng5 e6 7. Qe2 Nb6 8.
Bb3 h6 9. N5f3 c5 10. Bf4 Nbd5 11. Be5 Qa5+ 12. Nd2 cxd4 13. Ngf3 Bb4 14. O-O-O
Bd7 15. Nxd4 Bxd2+ 16. Rxd2 O-O 17. Rhd1 Ba4 18. Kb1 Bxb3 19. Nxb3 Qa4 20. Rd4
Qa6 21. Qxa6 bxa6 22. c4 Nb4 23. Na5 Rfc8 24. a3 Nc6 25. Nxc6 Rxc6 26. Rd8+
Rxd8 27. Rxd8+ Kh7 28. Bxf6 gxf6 29. b3 a5 30. Rd7 a4 31. Rxf7+ Kg6 32. Rxa7
axb3 33. Ra4 Rd6 34. c5 Rc6 35. Rc4 Kf5 36. Kb2 Ke5 37. Kxb3 Kd5 38. Rc1 1-0

[Event "4NCL/Div1/SWD1 vs. WGR"]
[Site "Wokefield Park ENG"]
[Date "2007.03.03"]
[Round "7.7"]
[White "Morris, Charles F"]
[Black "Law, Andrew P"]
[Result "0-1"]
[WhiteElo "2207"]
[BlackElo "2303"]
[PlyCount "58"]
[EventDate "2007.03.03"]
[EventType "team"]
[EventRounds "11"]
[EventCountry "ENG"]
[WhiteTeam "S W Dragons 1"]
[BlackTeam "Wood Green"]

1. Nf3 Nf6 2. c4 e6 3. Nc3 Bb4 4. Qc2 O-O 5. a3 Bxc3 6. Qxc3 b6 7. d3 d6 8. e4
e5 9. h3 c5 10. b4 Nc6 11. Be2 h6 12. Bd2 Be6 13. g4 Nh7 14. Qc1 Rc8 15. b5 Nd4
16. Nxd4 cxd4 17. h4 d5 18. exd5 Bxd5 19. Rh2 e4 20. g5 exd3 21. Bxd3 Qd6 22.
f4 Qe6+ 23. Re2 Qh3 24. Bxh7+ Kxh7 25. Qb1+ d3 26. Re5 Qh1+ 27. Kf2 Qg2+ 28.
Ke3 Qf3+ 29. Kd4 Rxc4# 0-1

[Event "4NCL/Div1/SWD1 vs. WGR"]
[Site "Wokefield Park ENG"]
[Date "2007.03.03"]
[Round "7.8"]
[White "Hegarty, Sarah"]
[Black "Smith, Olivia"]
[Result "1-0"]
[WhiteElo "1957"]
[BlackElo "1977"]
[PlyCount "90"]
[EventDate "2007.03.03"]
[EventType "team"]
[EventRounds "11"]
[EventCountry "ENG"]
[WhiteTeam "Wood Green"]
[BlackTeam "S W Dragons 1"]

1. e4 e5 2. Bc4 Nf6 3. d3 Nc6 4. Nf3 Bc5 5. O-O O-O 6. c3 Bb6 7. Nbd2 d6 8. a4
a6 9. Re1 Ne7 10. Nf1 Ng6 11. Be3 c6 12. d4 Nxe4 13. dxe5 d5 14. Bd3 Bxe3 15.
Nxe3 Qc7 16. c4 Nxe5 17. cxd5 Nxd3 18. Qxd3 f5 19. Rac1 Qd6 20. Red1 cxd5 21.
Qxd5+ Qxd5 22. Nxd5 Be6 23. Nc7 Bb3 24. Rd3 Bxa4 25. Nxa8 Rxa8 26. Nd4 Rd8 27.
b3 Be8 28. f3 Ng5 29. Rdd1 g6 30. h4 Nf7 31. Ne6 Rxd1+ 32. Rxd1 Bc6 33. b4 Bb5
34. Rc1 Bc6 35. Kf2 Ne5 36. Ke3 h6 37. Kd4 Nf7 38. Nc5 g5 39. hxg5 hxg5 40.
Nxa6 g4 41. Nb8 Ba4 42. Rc7 b5 43. Nd7 gxf3 44. gxf3 Ng5 45. Nf6+ Kf8 1-0

[Event "4NCL/Div1/HKF1 vs. BET"]
[Site "Wokefield Park ENG"]
[Date "2007.03.04"]
[Round "8.1"]
[White "Wells, Peter K"]
[Black "Pert, Richard G"]
[Result "1/2-1/2"]
[WhiteElo "2501"]
[BlackElo "2450"]
[PlyCount "87"]
[EventDate "2007.03.04"]
[EventType "team"]
[EventRounds "11"]
[EventCountry "ENG"]
[WhiteTeam "H Kingfisher 1"]
[BlackTeam "Betsson.com"]

1. Nf3 Nf6 2. c4 e6 3. g3 d5 4. Bg2 dxc4 5. Qa4+ c6 6. Qxc4 b5 7. Qc2 Bb7 8.
O-O c5 9. a4 b4 10. d3 Nbd7 11. a5 Be7 12. Nbd2 O-O 13. Nc4 Rc8 14. e4 Ne8 15.
Bf4 Nb8 16. Rfd1 Nc6 17. Qa4 Ba6 18. Nce5 Nxe5 19. Nxe5 Nc7 20. Nc6 Bb5 21.
Bxc7 Bxa4 22. Bxd8 Bxd8 23. Nxa7 Ra8 24. Rxa4 Rxa7 25. Rc1 Rxa5 26. Rxa5 Bxa5
27. Rxc5 Bb6 28. Rb5 Bd4 29. Rxb4 e5 30. Bh3 Ra8 31. Bd7 Ra1+ 32. Kg2 g6 33.
Rb7 Rb1 34. Be8 Rxb2 35. Bxf7+ Kg7 36. Rxb2 Bxb2 37. Be8 Kf6 38. h4 h6 39. Kh3
Bd4 40. f4 g5 41. fxg5+ hxg5 42. h5 Kg7 43. Kg4 Kh6 44. Kf5 1/2-1/2

[Event "4NCL/Div1/HKF1 vs. BET"]
[Site "Wokefield Park ENG"]
[Date "2007.03.04"]
[Round "8.2"]
[White "Hunt, Adam C"]
[Black "Gormally, Daniel W"]
[Result "1-0"]
[WhiteElo "2461"]
[BlackElo "2535"]
[PlyCount "55"]
[EventDate "2007.03.04"]
[EventType "team"]
[EventRounds "11"]
[EventCountry "ENG"]
[WhiteTeam "Betsson.com"]
[BlackTeam "H Kingfisher 1"]

1. e4 c5 2. Nf3 d6 3. d4 cxd4 4. Nxd4 Nf6 5. Nc3 a6 6. Bg5 e6 7. f4 Be7 8. Qf3
Qc7 9. O-O-O Nbd7 10. g4 b5 11. Bxf6 Nxf6 12. g5 Nd7 13. f5 Nc5 14. f6 gxf6 15.
gxf6 Bf8 16. Rg1 h5 17. Re1 Bb7 18. Bh3 O-O-O 19. Nd5 Qa5 20. a3 Bh6+ 21. Kb1
Qd2 22. Rd1 Qxh2 23. Ne7+ Kc7 24. Rg7 Bxe4 25. Rxf7 Kb6 26. Qc3 Qe5 27. a4 Rd7
28. Ng6 1-0

[Event "4NCL/Div1/HKF1 vs. BET"]
[Site "Wokefield Park ENG"]
[Date "2007.03.04"]
[Round "8.4"]
[White "Ledger, David J"]
[Black "Williams, Simon K"]
[Result "0-1"]
[WhiteElo "2291"]
[BlackElo "2483"]
[PlyCount "58"]
[EventDate "2007.03.04"]
[EventType "team"]
[EventRounds "11"]
[EventCountry "ENG"]
[WhiteTeam "Betsson.com"]
[BlackTeam "H Kingfisher 1"]

1. e4 g6 2. d4 Bg7 3. Nc3 d6 4. f4 a6 5. Nf3 b5 6. a3 Bb7 7. Bd3 Nd7 8. e5 c5
9. Be4 Bxe4 10. Nxe4 cxd4 11. exd6 Ngf6 12. Qe2 O-O 13. O-O exd6 14. Rd1 Nxe4
15. Qxe4 Re8 16. Qd5 Nb6 17. Qb3 Na4 18. Nxd4 Bxd4+ 19. Rxd4 Re1+ 20. Kf2 Qe7
21. Qf3 Re8 22. Kg3 Nc5 23. b4 Ne4+ 24. Kh3 Qf6 25. Bb2 Qf5+ 26. Kh4 Re3 27. g4
g5+ 28. Kh5 Nf6+ 29. Kh6 Qg6# 0-1

[Event "4NCL/Div1/HKF1 vs. BET"]
[Site "Wokefield Park ENG"]
[Date "2007.03.04"]
[Round "8.5"]
[White "Hanley, Craig A"]
[Black "Duncan, Christopher R"]
[Result "1-0"]
[WhiteElo "2435"]
[BlackElo "2309"]
[PlyCount "77"]
[EventDate "2007.03.04"]
[EventType "team"]
[EventRounds "11"]
[EventCountry "ENG"]
[WhiteTeam "H Kingfisher 1"]
[BlackTeam "Betsson.com"]

1. c4 e5 2. g3 Nf6 3. Bg2 Nc6 4. Nc3 Bc5 5. a3 Bd4 6. Nd5 a6 7. Nf3 Ba7 8. d3
h6 9. O-O d6 10. b4 O-O 11. Bb2 Re8 12. e3 Bf5 13. Rc1 Nxd5 14. cxd5 Ne7 15. h3
Qd7 16. Kh2 Bb6 17. e4 Bh7 18. Nd2 Rad8 19. Nc4 Bd4 20. Bxd4 exd4 21. f4 c6 22.
dxc6 Nxc6 23. Nb6 Qe6 24. Nd5 Rc8 25. f5 Qe5 26. f6 Bg6 27. a4 Kh7 28. b5 axb5
29. axb5 Nb8 30. Qg4 Rc5 31. Rxc5 dxc5 32. Rf5 Qd6 33. Nf4 Qf8 34. Rd5 Rd8 35.
Nxg6 fxg6 36. Rxd8 Qxd8 37. f7 c4 38. Qe6 Nd7 39. Qe8 1-0

[Event "4NCL/Div1/HKF1 vs. BET"]
[Site "Wokefield Park ENG"]
[Date "2007.03.04"]
[Round "8.6"]
[White "Webb, Laurence E"]
[Black "Baker, Chris W"]
[Result "1/2-1/2"]
[WhiteElo "2309"]
[BlackElo "2354"]
[PlyCount "97"]
[EventDate "2007.03.04"]
[EventType "team"]
[EventRounds "11"]
[EventCountry "ENG"]
[WhiteTeam "Betsson.com"]
[BlackTeam "H Kingfisher 1"]

1. e4 e5 2. Nf3 Nc6 3. d4 exd4 4. Bc4 Nf6 5. e5 d5 6. Bb5 Ne4 7. Nxd4 Bc5 8.
Be3 O-O 9. Nxc6 bxc6 10. Bxc5 Nxc5 11. Bxc6 Qg5 12. O-O Ba6 13. Bxa8 Bxf1 14.
Bxd5 Qxe5 15. Nc3 Ba6 16. Qe1 Qf6 17. Qe3 Qb6 18. Re1 Bc8 19. b3 Bf5 20. Qf4
Bg6 21. h3 h6 22. Re7 c6 23. Bc4 a5 24. Qd6 Bxc2 25. Nd5 Nb7 26. Nxb6 Nxd6 27.
Ra7 Rb8 28. Nd7 Rb4 29. Ra8+ Kh7 30. Nf8+ Kg8 31. Ng6+ Kh7 32. Nf8+ Kg8 33.
Ne6+ Kh7 34. Nd4 Be4 35. f3 Nxc4 36. fxe4 Nb6 37. Rd8 c5 38. Nc6 Rxe4 39. Nxa5
Re2 40. a4 c4 41. Nxc4 Nxc4 42. bxc4 Ra2 43. Rd3 Rxa4 44. Rc3 Kg6 45. Kf2 Kf6
46. Ke3 Ke5 47. Kd3 Ra2 48. Rc2 Ra3+ 49. Rc3 1/2-1/2

[Event "4NCL/Div1/HKF1 vs. BET"]
[Site "Wokefield Park ENG"]
[Date "2007.03.04"]
[Round "8.7"]
[White "Broomfield, Matthew"]
[Black "Eames, Robert G"]
[Result "1-0"]
[WhiteElo "2348"]
[BlackElo "2300"]
[PlyCount "49"]
[EventDate "2007.03.04"]
[EventType "team"]
[EventRounds "11"]
[EventCountry "ENG"]
[WhiteTeam "H Kingfisher 1"]
[BlackTeam "Betsson.com"]

1. d4 Nf6 2. c4 e6 3. g3 c5 4. Nf3 cxd4 5. Nxd4 Qb6 6. Bg2 Bc5 7. e3 Nc6 8. Nb3
Be7 9. O-O Ne5 10. Qc2 Qc7 11. c5 d5 12. Nc3 Bd7 13. e4 d4 14. Nxd4 Qxc5 15.
Nb3 Qc4 16. Rd1 h5 17. Bf4 Ng6 18. e5 Ng4 19. Rxd7 Kxd7 20. Na5 Qb4 21. Nxb7
Nxf4 22. a3 Qc4 23. gxf4 Bh4 24. Qd2+ Kc7 25. Nb5+ 1-0